Quiz sur le Sahara Occidental (RASD) - Statistiques

Statistiques générales
  • Ce quiz a été pris 80 fois
  • Le résultat moyen est 9 sur 20
Statistiques - réponses
Question Réponse % Correct
Pays qui revendique le territoire Maroc
98%
Autre pays qui renvendiquait le territoire jusqu'en 1978 Mauritanie
94%
Pays qui a colonisé le sahara occidental jusqu'en 1975 Espagne
91%
Front national qui a autoproclamé l'indépendance de la RASD Front {Polisario}
62%
Roi du Maroc qui a organisé cette marche Hassan II
61%
Évènement organisé par le Maroc pour occuper le sahara occidentale le 6 Novembre 1975 La Marche {Verte}
61%
L'Algérie soutient le RASD, en représaille quel peuple berbere en Algérie soutien le Maroc ? Kabyle
58%
Capitale de facto et de jure Laâyoune
48%
Base-arrière située en Algerie Tindouf
48%
Mur construit par le Maroc pour séparer le reste de la RASD Mur des {Sables}
41%
Plan qu'à proposer le Maroc à l'ONU Plan d'{Autonomie} du Sahara Occidentale
39%
Principal pays qui aide le RASD en plus de l'Algérie Libye
38%
Ce pays est membre de cette organisation panafricaine Union Africaine
30%
Nombre de pays qui reconnaissent l'indépendance du RASD 20
27%
Chef du front et président du pays Brahim Ghali
27%
Mission de l'ONU pour organiser un référendum au Sahara Occidental MINURSO
18%
Nom du sud du territoire durant la colonisation espagnol Río de Oro
11%
Protectorat espagnol du sud du Maroc, non incorporer au sahara espagnol Cap Juby
5%
Seul ville du littoral sarhaouie se situant entre le mur et la Mauritanie Guerguerate
2%
Nom du nord du territoire durant la colonisation espagnol Seguia de Hamra
2%
Aucun quiz correspondant
Distribution des résultats
% des personnes avec chaque résultat
Percentile par nombre de réponses
Votre historique - résultats
Vous n’avez pas pris ce quiz